000 00696nam a2200205 i 4500
001 45260
003 ES-MaACL
005 20250828004900.0
007 t|
008 030325s1834 fr ||||1| fre d
100 1 _aCochin, Jean-Denis Marie.
_939398
245 1 0 _aManuel des fondateurs et des directeurs des premières écoles de l'enfance, connues sous le nom de salles d'asile /
_cpar M. Cochin.
250 _a2eme ed.
260 _aParís :
_b[s.n.],
_c1834 (
_fImp. Md. Husard)
300 _a285 p., : 9 plan. :
_bil., mus. ;
_c21 cm.
650 0 7 _aPedagogía
_2embne
_915904
650 4 _aEnseñanza primaria-
_zFrancia.
_9149749
852 _aES-MaACL
_jC-3456
999 _c45260
_d45260